000 03198nam a2200349 a 4500
001 000005851
003 DO-SdBNP
005 20260401182423.0
007 ta
008 090824s2003 dr 000 0 spa d
020 _a9993486558
040 _aDO-SdBNP
_bspa
_cBNPHU
082 4 _a344.729302
_bR426L, 2003
_222
110 1 _aRepública Dominicana.
_9447
240 _a[Leyes, etc.]
245 1 0 _aLey de seguridad social ;Ley general de salud ; Leyes incorporadas ; Ley que crea el Colegio Médico Dominicano /
_cedición y recopilación, Víctor Suero C.
246 _aLey general de salud
246 _a Leyes incorporadas
246 _aLey que crea el Colegio Médico Dominicano
260 _aSanto Domingo
_f Punto Mágico
_c2003.
300 _a407 p. ;
_c21 cm.
500 _aIncluye datos biográficos del recopilador en la solapa de la contracubierta.
505 2 _aIntroducción --
_t Ley que crea el Sistema Dominicano de Seguridad Social --
_tLey general de salud --
_tLey no. 329-98 que regula los trasplantes de órganos y tejidos humanos, del 11 de agosto de 1998 --
_tLey no. 8-95, sobre lactancia materna, del 19 de septiembre de 1995 --
_tLey no. 14-94 que crea código para protección de niños, niñas y adolescentes, del 22 de abril de 1994 --
_tLey no. 55-93 sobre el síndrome de inmunodeficiencia adquirida (SIDA) , del 31 de diciembre de 1993 --
_tLey no. 50-88 sobre el control de drogas y sustancias controladas de la Rep. Dom., del 30 de mayo de 1988 --
_tLey no. 311-68 que regula la fabricación, elaboración, envase, almacenamiento, importación, expendio y comercio en cualquier forma de insecticidas zoocidas, fitocidas, pesticidas, herbicidas y productos similares, del 24 de mayo de 1968 --
_tLey no. 136-80 que declara que es obligatoria a practica de la autopsia judicial en la instrucción preparatoria del proceso penal, del 23 de mayo de 1980 --
_tLey no. 6097 de organización del cuerpo médico de los hospitales --
_tLey no. 146 sobre pasantía de médicos recién graduados, del 11 de mayo de 1967, modificada por la ley 478, del 18 de enero de 1973 --
_tLey no. 4378 orgánica de Secretarías de Estado, del 10 de enero de 1973 --
_tLey no. 175 que denomina Secretaria de Estado de Salud Pública y Asistencia Social (SESPAS)¨, la actual Secretaría de Estado de Salud y Provisión Social, del 22 de agosto de 1967 --
_tLey 41498 que modifica el artículo sobre Organización del Cuerpo de Médicos de los Hospitales, del 22 de agosto de 1998 --
_tLey no. 393 que regula la expedición de certificados de exámenes médicos, del 4 de septiembre de 1964 --
_tReglamento no. 804 para los Tribunales Disciplinados de Apelación del Cuerpo Médico de los Hospitales, del 4 de marzo de 1966 --
_tLey 68-03 que crea el Colegio Médico Dominicano .
590 _aInventariado, 2023/MFF
610 2 4 _aColegio Médico Dominicano
_xHistoria
_983170
650 0 _aSeguridad social
_xLeyes y legislación
_zRepública Dominicana
_911764
650 4 _aSeguros de salud
_xLegislación
_916512
650 4 _aSalud pública
_xLegislación
_916513
700 1 _aSuero C., Víctor,
_eed.
_916514
910 _aValidado. Control de calidad MFF
942 _2ddc
_cLBS1
999 _c5647
_d5647